00972cam a2200241 a 450000500170000000800410001702000150005804000230007304100080009604400070010408200200011110000530013124501180018426000990030230000520040149000410045350400420049460000400053665000470057665000270062365100400065070000400069020170905092345.0030912s2003 ck a r 00010dspa d a9589205577 ala cladCO-BoIAVH0 aspa ack04a578.09101bB92p1 aBueno Hernández, Alfredo Antoniod1954-eautor13aEl pensamiento biogeográfico de Alfred Russel Wallace / cAlfredo Bueno Hernández y Jorge Llorente Bousquets. aBogotá (Colombia) : bAcademia Colombiana de Ciencias Exactas, Físicas y Naturales,c2003. a190 páginas : bilustraciones ; c21 x 14 cm.0 aColección Luis Duque Gómez ; v1 aIncluye referencias bibliográficas.10aWallace, Alfred Russelld1823-1913.26aBiodiversidadxDistribución geográfica 6aHistoria de la ciencia 6aRío Amazonas (región)xHistoria1 aLlorente Bousquets, Jorge E.eautor